Finding, selecting, developing and retaining data processing professionals through effective human resources management

Bibliographic Details
Main Author: Labelle, Charles
Other Authors: Bookbinder, Susan
Format: Book
Published: New York : Van Nonstred Co. , c1983
Subjects:

MARC

LEADER 00000cam a2200000 7i4500
001 0000000273
005 20220328.0
020 |a 0442260121 
040 |a INS 
090 0 0 |a HF5548.2.   |b L22 1989 
100 1 |a Labelle, Charles 
245 1 0 |a Finding, selecting, developing and retaining data processing professionals through effective human resources management   |c Charles Labelle, Susan Bookbinder.....etc 
260 |a New York :   |b Van Nonstred Co. ,   |c c1983 
300 |a xvii, 286p ;   |c 24cm. 
500 |a Includes index 
650 0 0 |a Electronic data processing department   |x personel management 
650 0 0 |a Electronic data processing personel   |x training 
700 1 |a Bookbinder, Susan 
999 |a 0000003331   |b BOOK   |c Open Shelf   |e Default branch 
999 |a 0000003726   |b BOOK   |c Open Shelf   |e Default branch